Responses for Show #5301 - Monday, October 1, 2007

Contestants

[<< previous game]

Kim Zarkin, a college professor originally from Rockland, Massachusetts

Brett Chandler, a stay-at-home dad from Whitehorse, Yukon Territory, Canada

Sharon Lin, a research scientist from New Haven, Connecticut (whose 1-day cash winnings total $10,001)

[next game >>]

Jeopardy! Round responses

SEA LIFE
JAZZ NICKNAMES
BIRTH & DEATH
OH, BROTHER
GETTING SAUCY
IT'S IN THE DICTIONARY
    $200 18
anchovies

Brett
    $200 22
Duke

Sharon
    $200 11
heart disease

Brett
    $200 12
silver

Brett
    $200 6
tartar sauce

Brett
    $200 1
a Bronx cheer

Sharon
    $400 23
a walrus

Kim
    $400 24
Bird

Brett
    $400 14
a Caesarian section

Sharon
    $400 13
Ham

Sharon
    $400 7
(Brett: What is a grapefruit?)

an orange

BrettKim
    $400 2
a jihad

Brett
    $600 28
change color

Sharon
    $600 25
Dizzy

Kim
    $600 15
(Sharon: What is typhoid?)

cholera

Sharon
Triple Stumper
    $600 19
the Tappet Brothers

Triple Stumper
    $1,000 8
marinara

Kim
    $600 3
a blue state

Sharon
    $800 29
a spiny lobster

Kim
    $800 26
Fats

Brett
    $800 16
Europe

Kim
    $800 20
the Wright brothers

Kim
    $800 9
Newburg

Sharon
    $800 4
(Kim: What is "garbage in, garbage out"?)
(Brett: [Spells the answer] What is [*]?)
(Alex: All right, we'll accept that. [*]. Yes. We wanted the word that was in the dictionary. You gave us the explanation, Kim.)

GIGO

BrettKim
    $1000 30
beluga whale

Brett
    $1000 27
Cannonball

Kim
    $1000 17
in vitro fertilization

Sharon
    $1000 21
(Sharon: Who is Romulus?)

Remus

SharonKim
    $1000 10
Bordeaux (wine)

Sharon
    $1000 5
a jewel case

Sharon

Scores at the first commercial break (after clue 15):

Sharon Brett Kim
$3,800 $1,400 $600

Scores at the end of the Jeopardy! Round:

Sharon Brett Kim
$4,600 $3,800 $6,000

Double Jeopardy! Round responses

SOUTH KOREA
COMPLETES THE OPERA
"Y" IS THE ONLY VOWEL
OCTOBER 1
WAR STARS
MAY THE FOREST BE WITH YOU
    $400 25
Seoul

Brett
    $400 5
Dutchman

Kim
    $400 4
a sty

Sharon
    $400 1
Disney World

Brett
    $400 14
Casablanca

Sharon
    $400 19
Alaska

Brett
    $800 26
Buddhism

Sharon
    $800 7
Hearth

Brett
    $800 6
sync

Sharon
    $800 2
(Kim: What is Mexico?)

Louisiana

Kim
Triple Stumper
    $800 15
Navarone

Brett
    $800 20
(Brett: What is Interior?)
(Sharon: What is Energy?)

Agriculture

SharonBrett
Triple Stumper
    $1200 27
yin and yang

Brett
    $1200 8
Amahl

Sharon
    $2,000 11
myth

Brett
    $1200 3
(Roger) Maris

Sharon
    $1200 16
Platoon

Kim
    $1200 21
China

Brett
    $1600 28
ginseng

Triple Stumper
    $1600 9
Lammermoor

Kim
    $1600 12
a nymph

Sharon
    $1600 24
The Marine Band

Triple Stumper
    $1600 17
The Big Red One

Brett
    $1600 22
(Kim: What are plains?)

savanna

SharonKim
    $2000 29
Inchon

Brett
    $2000 10
Einstein

Brett
    $2000 13
wry

Kim
    $2000 30
Nasser

Sharon
    $4,000 18
(Brett: What is... I don't know.)

The Tuskegee Airmen

Brett
    $2000 23
Easter Island

Brett

Scores at the end of the Double Jeopardy! Round:

Sharon Brett Kim
$13,800 $13,800 $8,800

[wagering suggestions for these scores]

Final Jeopardy! Round responses

CHARLES DICKENS
KimWhat is The Old Curiosity Shop?
$8,750
BrettWhat is "The Old Curiosity Shop"?
$13,800
SharonWhat is Ye Olde Curiosity Shop?
$3,000
The Old Curiosity Shop

Final scores:

Sharon Brett Kim
$10,800 $27,600 $17,550
3rd place: $1,000 New champion: $27,600 2nd place: $2,000

Game dynamics:

Coryat scores:

Sharon Brett Kim
$13,800 $17,000 $8,400
19 R,
3 W
21 R
(including 1 DD),
3 W
(including 1 DD)
13 R
(including 1 DD),
3 W

Combined Coryat: $39,200

[game clues] [game scores] [suggest correction]

Game tape date: 2007-07-25
The J! Archive is created by fans, for fans. Scraping, republication, monetization, and malicious use prohibited; this site may use cookies and collect identifying information. See terms. The Jeopardy! game show and all elements thereof, including but not limited to copyright and trademark thereto, are the property of Jeopardy Productions, Inc. and are protected under law. This website is not affiliated with, sponsored by, or operated by Jeopardy Productions, Inc. Join the discussion at JBoard.tv.